00667cam a22002171 4500001001300000003000400013005001700017008004100034010001700075035001900092040002600111042001200137050002600149100003700175245006800212260005500280300001800335651003200353651004700385999001700432ne 64000972 DLC20260227111758.0800107q19601969ua 000 0 eng  ane 64000972  a(OCoLC)5850534 aDLCcNOsUdOCoLCdDLC apremarc00aDT107.83b.N333 1960z1 aNasser, Gamal Abdel,d1918-1970.14aThe philosophy of the revolution.cIntrod. by Dorothy Thompson. a[Cairo?bNational Publication House Press,c196-?] a75 p.c20 cm. 0aEgyptxHistoryxPhilosophy. 0aEgyptxPolitics and governmenty1952-1970. c46917d46917